LEADER 01399nam a2200241 i 4500 001 000000026595 003 CaOOAMICUS 005 20180830125447.0 008 180830s1844 fr u000 u und u 040 $aSeMil$bita 100 1 $aMarcel .$0(OLS)http://semarc/name/11952 245 10$aChefs-d'oeuvre de l'éloquence française et de la tribune anglaise extraits ... avec des notices historiques, des réflexions critiques et des jugements sur les différents genres d'éloquence, le génie des orateurs et le mérite des discours ... /$cpar l'abbé Marcel. 250 $a5. éd. 260 $aParis :$bHachette,$c1844. 260 $aParis ; Lyon :$bPerisse frères,$c1844. 300 $a3 v. ;$c23 cm. 650 4$aOratoria.$0(OLS)http://semarc/subject/4220 650 4$aEloquenza francese.$0(OLS)http://semarc/subject/4249 774 0 $tTribune.$b5. éd.$g1$w()212466 774 0 $tBarreau et Académie.$b5. éd.$g2$w()212467 996 $6245$aChefs-d'oeuvre de l'éloquence française et de la tribune anglaise extraits ... avec des notices historiques, des réflexions critiques et des jugements sur les différents genres d'éloquence, le génie des orateurs et le mérite des discours ...$9(OLS)http://semarc/title/35906 996 $6260$aParis ; Lyon :$bPerisse frères$9(OLS)http://semarc/publisher/30083 996 $6260$aParis :$bHachette$9(OLS)http://semarc/publisher/35394 LEADER 00878nam a2200229 i 4500 001 000000069118 003 CaOOAMICUS 005 20220309154215.0 008 080808s1928 it u000 u ita u 013 $a40290 040 $aSeMil$bita 245 10$aVol. 1. 264 1$aFirenze :$bVallecchi,$c1928. 300 $aLXXXVI, 227 p. ;$c20 cm. 700 1 $aCarlini, Armando,$d<1878-1959>.$0(OLS)http://semarc/name/4851 773 0 $aCarlini, Armando <1878-1959>$tFilosofia di G. Locke.$dFirenze : Vallecchi, 1928-1929.$b2. edizione riveduta.$kPensiero moderno$g1$w()19879 850 $aSeMil 852 $aSeMil$W1$xVenegono$y1$m2P II 39$j35271$B35271$CSeMilBibl$Z2$F35274 $81 961 $aLascito: Ciprandi dott. Paolo 996 $6245$aVol. 1$9(OLS)http://semarc/title/13429 996 $6264$aFirenze :$bVallecchi$9(OLS)http://semarc/publisher/29768